[Event "FRA-chT U20 0809"]
[Site "Sautron"]
[Date "2009.01.04"]
[Round "7.6"]
[White "Carranza, Victor Gabriel"]
[Black "Hoerdt, Audran"]
[Result "0-1"]
[WhiteElo "1410"]
[BlackElo "1600"]
[PlyCount "124"]
[EventDate "2008.10.??"]
[EventType "team-tourn"]
[EventRounds "11"]
[EventCountry "FRA"]
[SourceTitle "EXT 2010"]
[Source "ChessBase"]
[SourceDate "2010.11.25"]
[SourceVersion "1"]
[SourceVersionDate "2010.11.25"]
[SourceQuality "1"]

1. e4 e6 2. d4 d5 3. Nc3 Nf6 4. e5 Nfd7 5. Nf3 c5 6. Be3 Nc6 7. Be2 Qb6 8. Na4 Qa5+ 9. c3 c4 10. 0-0 Be7 11. b4 Qc7 12. Nd2 Nb6 13. Nxb6 Qxb6 14. f4 a5 15. Qa4 Bd7 16. b5 Na7 17. Rab1 Bxb5 18. Qc2 Qc6 19. f5 g6 20. fxe6 Qxe6 21. Bh6 Bf8 22. Bxf8 Rxf8 23. Nf3 h6 24. Nd2 Bc6 25. Rf6 Qe7 26. Rbf1 Bd7 27. Rd6 Bc6 28. Rff6 Nb5 29. Rxc6 bxc6 30. Rxc6 Qd7 31. Rb6 Ke7 32. a4 Nc7 33. Rb7 Rfb8 34. Qb2 Rxb7 35. Qxb7 Ra6 36. h3 Qc6 37. Qc8 Ra8 38. Qg4 Qxa4 39. Qh4+ Kd7 40. Bg4+ Ne6 41. Qxh6 Qa1+ 42. Kh2 Qxc3 43. Qf4 Qb4 44. Qf3 c3 45. Qxd5+ Ke7 46. Qxa8 c2 47. Qa7+ Kf8 48. Qa8+ Kg7 49. Qf3 c1Q 50. Qf6+ Kg8 51. Bxe6 fxe6 52. Qxe6+ Kf8 53. Qf6+ Ke8 54. Ne4 Qe7 55. Nd6+ Kd7 56. Qxg6 Qf4+ 57. Kh1 Qxd4 58. Qf5+ Qe6 59. Qh7+ Kc6 60. Nb7 Qd1+ 61. Kh2 Qxe5+ 62. g3 Qee2# 0-1